[Event "XIX Sants Open 2017"]
[Site "Cotxeres de Sants"]
[Date "2017.08.19"]
[Round "2"]
[White "Oparin, Grigoriy"]
[Black "Roldan Marques, Daniel"]
[Result "1-0"]
[WhiteElo "2609"]
[BlackElo "2289"]
[Annotator "TA"]
[PlyCount "57"]
[EventDate "2017.??.??"]
[EventType "swiss"]
[EventCountry "ESP"]
[SourceTitle "playchess.com"]
[Source "ChessBase"]
[SourceQuality "1"]

{[%evp 10,57,17,14,76,81,83,86,96,88,90,89,116,116,128,124,100,93,93,54,44,48,65,27,25,-14,66,65,72,-40,66,64,210,212,211,207,141,86,29985,29986,29986,29987,1071,890,844,752,722,703,12841,12841]} 1. d4 d5 2. c4 e6 3. Nf3 c6 4. Nbd2 Nf6 5. g3 Nbd7 6. Bg2 {LiveBook: 247 Games} dxc4 {E01: Catalan: Early deviations} (6... b6 $11) (6... Be7 7. O-O O-O 8. Qc2 b6 9. e4 Bb7 10. e5 Ne8 11. cxd5 cxd5 12. Re1 Ba6 13. Nf1 Rc8 14. Qd1 Nb8 15. h4 Nc6 16. Bg5 Nc7 17. N1h2 h6 18. Be3 Bb4 19. Bd2 Be7 {0-1 (41) Lalith,B (2529)-Wen,Y (2607) Chengdu 2017}) 7. Nxc4 $16 b5 8. Nce5 Bb7 {White is better.} 9. O-O Nxe5 $146 ({Predecessor:} 9... Qb6 10. Nxd7 Nxd7 11. e4 Be7 12. Be3 c5 13. Rc1 Bxe4 14. dxc5 {1-0 (26) Goriatchkin,J (2302)-Berescu,A (2477) Skopje 2013}) 10. Nxe5 Rc8 11. a4 {And now axb5 would win.} a6 12. axb5 axb5 13. Qd3 Bd6 14. Bf4 O-O 15. Rfc1 Nd5 16. Bxd5 Bxe5 17. Be4 Bxd4 (17... Qxd4 $11 18. Bxe5 (18. Bxh7+ Kh8 $14) 18... Qxe5) 18. Rd1 $1 $14 Bxb2 {Hoping for ...Qxd3.} 19. Bxh7+ Kh8 20. Qf3 $1 {[%cal Rf3h5] Black must now prevent Qh5.} Bxa1 (20... Kxh7 $14 21. Rxd8 Rfxd8) 21. Rxd8 $18 Rfxd8 22. Qh5 $1 {White threatens Bg5 and mate.} Rd7 {[#]} 23. Be3 $40 {[%mdl 128] White is out for blood.} (23. Bg5 $142 $1 {Intending Be4+ and mate.} Bf6 24. Bxf6 gxf6 25. Qh6) 23... Rcd8 $2 {[%mdl 8192] [#]} (23... Rd5 $16 24. Qxf7 Kxh7 25. Qxb7 Rdd8) 24. Bc5 $1 g6 25. Bxg6+ Kg7 26. Bxf7 {White is clearly winning.} Rxf7 27. Qg5+ Kh7 28. Qxd8 Bc3 29. Qd3+ {Precision: White = 61%, Black = 44%.} 1-0

[Event "XIX Sants Open 2017"]
[Site "Cotxeres de Sants"]
[Date "2017.08.19"]
[Round "2"]
[White "Vocaturo, Daniele"]
[Black "Arias Boo, Guillermo"]
[Result "1-0"]
[WhiteElo "2596"]
[BlackElo "2283"]
[Annotator "TA"]
[PlyCount "57"]
[EventDate "2017.??.??"]
[EventType "swiss"]
[EventCountry "ESP"]
[SourceTitle "playchess.com"]
[Source "ChessBase"]
[SourceQuality "1"]

{[%evp 20,57,37,21,71,44,47,44,49,43,52,20,55,48,51,35,51,51,55,43,43,43,43,43,50,47,61,43,225,220,225,229,304,292,304,243,238,235,385,367]} 1. e4 g6 2. d4 Bg7 3. Nc3 c6 4. Nf3 d6 5. Be3 Nf6 6. h3 Qa5 7. Qd2 Nbd7 {B08: Pirc Defence: Classical System} 8. Bd3 e5 9. O-O (9. dxe5 dxe5 10. O-O O-O 11. Nd5 Qd8 12. Nxf6+ Bxf6 13. Bc4 Qe7 14. Rfd1 {0-1 (48) Khenkin,I (2565)-Onischuk,V (2610) Dresden 2017}) 9... O-O 10. Rfe1 Re8 11. Rad1 {LiveBook: 5 Games} Nf8 12. d5 (12. Bf1 {is more complex.} N8d7 13. a3 exd4 14. Bxd4 Ne5 15. Be2) 12... cxd5 $146 ({Predecessor:} 12... c5 13. Rb1 a6 14. a3 Qc7 15. b4 c4 16. Be2 b5 {0-1 (50) Hebert,J (2399)-Luksza,A (2129) Montreal 2009}) 13. Nxd5 Qxd2 14. Nxf6+ Bxf6 15. Rxd2 (15. Nxd2 {feels hotter.} Be6 16. b3 Be7 17. a4 Rec8 18. Bc4) 15... Be6 16. Ng5 Rec8 17. Be2 Be7 18. Nxe6 Nxe6 19. c3 a6 20. g3 Nc5 21. f3 Kg7 22. h4 h6 23. Bd1 f5 $2 {[#]} (23... h5 $14) 24. exf5 $1 $18 gxf5 {[#]} 25. Bc2 $1 f4 26. gxf4 Bxh4 27. Bf2 Bxf2+ 28. Kxf2 exf4 (28... a5 $142 29. fxe5 dxe5 30. Rxe5 Rd8) 29. b4 {Precision: White = 65%, Black = 49%.} 1-0

[Event "XIX Sants Open 2017"]
[Site "Cotxeres de Sants"]
[Date "2017.08.19"]
[Round "2"]
[White "Tari, Aryan"]
[Black "Ponce Cano, Adrian"]
[Result "1-0"]
[WhiteElo "2591"]
[BlackElo "2281"]
[Annotator "TA"]
[PlyCount "61"]
[EventDate "2017.??.??"]
[EventType "swiss"]
[EventCountry "ESP"]
[SourceTitle "playchess.com"]
[Source "ChessBase"]
[SourceQuality "1"]

{[%evp 9,61,62,68,63,99,23,61,43,45,-5,61,56,68,38,83,31,43,46,47,42,85,37,145,152,184,160,371,37,484,500,762,748,746,736,783,783,770,738,751,745,1151,1218,1560,1558,1535,1495,1527,1475,2225,2211,3522,3300,29991,29990]} 1. c4 e5 2. Nc3 Nc6 3. Nf3 d6 4. d4 Bg4 5. d5 Nb8 {LiveBook: 7 Games} 6. Qb3 {A41: 1 d4 d6: Tartakower System and Modern Defence} (6. Nd2 Be7 7. f3 Bc8 8. e4 Nd7 9. Be2 Bg5 10. Rb1 a5 11. a3 Ngf6 12. b4 axb4 13. axb4 Be3 {0-1 (47) Kumar,N (2444)-Ivanov,A (2480) Manchester 2017}) 6... Qc8 $146 ({Predecessor:} 6... b6 7. e4 Nf6 8. Be2 Be7 9. h3 Bd7 10. c5 c6 11. Be3 dxc5 12. Nxe5 O-O 13. Rd1 Qc7 14. Nxd7 Nbxd7 15. dxc6 Qxc6 {1-0 (37) Murach,K-Heinrich,H DDR 1977}) 7. c5 (7. h3 $16 Bd7 8. e4) 7... Be7 8. e4 {White is slightly better.} Nf6 9. Bb5+ Bd7 (9... c6 $11 10. dxc6 Nxc6) 10. Be3 $14 O-O 11. Rc1 a6 12. Bxd7 (12. cxd6 $16 Bxd6 13. Be2) 12... Nbxd7 13. c6 $36 {[%mdl 2048] White has some pressure.} bxc6 14. dxc6 {Threatens to win with Nd5.} Nb6 15. a4 {[%cal Ba2a4,Ba4a5][%mdl 32] a5 is the strong threat.} Qg4 (15... a5 $1 $14) 16. a5 $16 Qxg2 17. Ke2 d5 $2 (17... Nc8 $16 {keeps fighting.}) 18. h3 $2 (18. axb6 $18 d4 19. Nd5 dxe3 20. Nxe7+ Kh8 21. Rhf1 (21. Nxe5 $2 Qxf2+ 22. Kd3 Rad8+ 23. Nd7 Nxd7 $19)) 18... Nh5 $2 {[%mdl 8192] [#]} ({Not} 18... Nxe4 $2 19. Nxe4 Qg6 20. axb6 $18) ({Avoid the trap} 18... dxe4 $2 19. Nh4 $18) ({Black should try} 18... Nc4 $1 $14 19. Nh4 Qxh1 $1 {[%mdl 512]} 20. Rxh1 Rfb8) 19. Rhg1 $1 $18 {[%cal Rg1g2]} Ng3+ (19... Qxh3 $142 20. axb6 dxe4) 20. Ke1 Qxf3 21. Rxg3 Qh5 22. axb6 d4 23. Nd5 Bh4 24. Bd2 Bxg3 25. Qxg3 f5 26. Nxc7 d3 27. Qxd3 Rad8 28. Qb3+ Kh8 29. Ne6 {[%cal Bc7e6,Be6d8,Bd8f7][%mdl 32]} fxe4 30. Nxd8 Rf3 {[#]} 31. Nf7+ $1 {Precision: White = 44%, Black = 22%.} 1-0

[Event "XIX Sants Open 2017"]
[Site "Cotxeres de Sants"]
[Date "2017.08.19"]
[Round "2"]
[White "Moussard, Jules"]
[Black "Hernando Rodrigo, Julio Antonio"]
[Result "1-0"]
[WhiteElo "2571"]
[BlackElo "2276"]
[Annotator "TA"]
[PlyCount "131"]
[EventDate "2017.??.??"]
[EventType "swiss"]
[EventCountry "ESP"]
[SourceTitle "playchess.com"]
[Source "ChessBase"]
[SourceQuality "1"]

{[%evp 21,131,23,35,48,42,23,41,19,19,19,19,7,20,10,29,29,23,-18,-22,-26,-25,-40,8,8,6,4,12,11,62,15,24,-71,0,-68,0,0,0,0,0,0,30,0,0,-8,-8,-2,33,8,43,43,72,45,83,51,51,51,48,41,44,42,51,51,51,51,51,31,51,31,39,34,99,0,39,20,46,11,90,28,28,28,28,28,182,189,274,274,1100,866,770,552,29964,29965,29965,29965,29967,29968,29969,29966,29967,29965,29968,29969,29973,29970,29974,29969,29975,29976,29975,29978,29976,29975]} 1. Nf3 Nf6 2. b3 g6 3. Bb2 Bg7 4. g3 O-O 5. Bg2 d5 6. O-O c6 7. c4 a5 8. Nc3 Ne4 9. d4 Bf5 10. Ne5 {D78: Fianchetto Grünfeld: 6 0-0 c6} (10. e3 Nxc3 11. Bxc3 Be4 12. Qe2 e6 13. Rfd1 Nd7 14. Bf1 g5 15. Rac1 Bxf3 16. Qxf3 f5 17. Bd3 Nf6 18. cxd5 cxd5 {½-½ (29) Jakovenko,D (2709)-Ding,L (2760) Sharjah 2017}) 10... Nxc3 11. Bxc3 Be6 {LiveBook: 3 Games} 12. cxd5 {White is slightly better.} cxd5 13. e3 $146 ({Predecessor:} 13. Nd3 Bc8 14. Nf4 e6 15. Qd2 Nc6 16. Rfd1 b6 17. e4 Bh6 {1-0 (33) Balog,I (2330)-Gerard,N (2333) Budapest 2006}) 13... Nc6 14. Nd3 Bc8 15. Rc1 b6 16. e4 Nxd4 17. exd5 Ba6 18. Re1 Qd6 $1 19. Nf4 (19. Bxd4 $5 Bxd4 20. Rc6 $11) 19... Rac8 20. Qd2 e5 21. Bb2 Qb4 (21... Nxb3 $5 22. axb3 exf4 $11) 22. Qxb4 axb4 23. Bxd4 exd4 24. Rc6 Rb8 (24... g5 $11 25. Rxb6 d3 26. Rxa6 d2) 25. d6 Rfd8 26. Bd5 (26. Nd5 $11) 26... d3 (26... g5 $1 $17 {[%cal Rg5f4]} 27. Bxf7+ Kxf7 28. Re7+ Kg8) 27. Bc4 (27. Rd1 $11) 27... Bxc4 (27... Bb7 $15 28. Rxb6 d2) 28. bxc4 $11 d2 29. Rd1 Bc3 $1 30. Nd5 Kg7 31. Kg2 Ra8 32. Rxb6 Rxa2 33. Kf3 Ra5 (33... Bd4 $5 {[%cal Rd4b6]} 34. Rxb4 Rxd6 $11) 34. Ke2 Rc5 35. Kd3 $36 {[%mdl 2048] Black is under pressure.} Rdc8 36. d7 Rd8 37. Rb7 Rxd5+ $1 38. cxd5 $14 {[%mdl 4096] Endgame KRR-KRB} Kf6 39. Kc4 Ke7 40. Kc5 Rxd7 41. d6+ Ke6 42. Rxd7 $1 Kxd7 {KR-KB} 43. Kd5 h5 44. f3 Kd8 45. Kc6 Kc8 ({Reject} 45... b3 $6 46. Kd5 $16) (45... g5 $14) 46. Kd5 ({White should play} 46. h4 $16) 46... Kd7 47. h3 Kd8 48. h4 f5 (48... Kd7 $11) 49. Ke6 (49. f4 $16) 49... b3 $11 50. Kd5 {And now Kc4 would win.} b2 51. Kc4 Ba5 $2 (51... Bf6 $1 $11 {and Black has nothing to worry.}) 52. Kb3 $18 Bb6 (52... Kd7 $142 53. Kxb2 Kxd6) 53. Kxb2 Bf2 $2 (53... Be3 54. Kc2 Kd7) 54. Rxd2 Bxg3 55. Kb3 Bxh4 56. Kc4 {White mates.} Kd7 {[#]} 57. Kd5 $1 Bg3 {[#]} 58. Rg2 $1 Bxd6 59. Rxg6 Bh2 60. Rg7+ Kd8 61. Rg2 Bb8 62. Ke6 f4 63. Rg7 h4 64. Rh7 h3 65. Rxh3 Ba7 66. Rh8+ {Precision: White = 53%, Black = 35%.} 1-0

[Event "XIX Sants Open 2017"]
[Site "Cotxeres de Sants"]
[Date "2017.08.19"]
[Round "2"]
[White "Schroeder, Jan-Christian"]
[Black "Gonzalez Rodriguez, Jorge A"]
[Result "1-0"]
[WhiteElo "2539"]
[BlackElo "2274"]
[Annotator "TA"]
[PlyCount "93"]
[EventDate "2017.??.??"]
[EventType "swiss"]
[EventCountry "ESP"]
[SourceTitle "playchess.com"]
[Source "ChessBase"]
[SourceQuality "1"]

{[%evp 15,93,43,48,43,64,51,45,27,35,27,33,12,27,24,33,0,0,0,7,0,0,0,0,0,10,0,8,0,0,0,0,0,0,0,0,-43,-42,-63,-28,-16,-33,-168,0,-23,0,-97,0,0,0,0,0,0,0,0,0,0,596,596,588,583,572,568,479,480,456,441,688,666,444,433,12835,12835,12836,12836,12837,12837,12837,12837,12835,6287]} 1. e4 {[%cal Be2e4,Be4e5][%mdl 32]} e6 2. d4 d5 3. Nd2 Nf6 4. e5 Ng8 5. Bd3 c5 6. c3 {C05: French Tarrasch: 3...Nf6 4 e5 Nfd7, 5 f4 and 5 Bd3 sidelines} cxd4 (6... Nc6 7. Ne2 Bd7 8. O-O cxd4 9. cxd4 Nb4 10. Bb1 Bb5 11. a3 Nd3 12. Qb3 Bc4 13. Nxc4 dxc4 14. Qxb7 Rc8 15. Qxa7 Ne7 16. Qa4+ Qd7 17. Qxd7+ Kxd7 18. Bxd3 cxd3 19. Nf4 Nf5 20. Rd1 {1-0 (20) Jimenez Fraga,P (2464)-Gonzalez Rodriguez,J (2434) Barcelona 2011}) 7. cxd4 Qb6 8. Ne2 Bd7 {LiveBook: 3 Games} 9. O-O Bb5 10. Bxb5+ Qxb5 11. Nc3 Qd7 12. Nf3 Ne7 $146 ({Predecessor:} 12... Nc6 13. h3 Nge7 14. a3 Nf5 15. Qd3 a6 16. Bd2 {1-0 (44) Woscholski,R-Raulf,M (1078) Borkum 2004}) 13. Na4 b6 14. Nc3 Nbc6 15. h4 h5 16. Bg5 Nf5 17. Rc1 (17. Ne2 {with more complications.} Rc8 18. Rc1 Be7 19. Qd2 O-O 20. Ng3) 17... Be7 18. Bxe7 Ncxe7 19. Qd2 Rc8 20. g3 Nc6 21. Nd1 {[%cal Bc3d1,Bd1e3,Be3g2,Bg2f4][%mdl 32]} O-O {White must now prevent ...Nfxd4!} 22. Ne3 {Strongly threatening Nxf5.} Nce7 23. Ng2 Rxc1 24. Rxc1 Rc8 25. Re1 Qa4 {And now ...Rc2 would win.} 26. Nf4 Qxa2 {...Qb3 is the strong threat.} 27. Nxh5 Qb3 28. Nh2 {[#]} (28. Kg2 $1 $15) 28... Qc2 ({Better is} 28... Ng6 $1 $19 {aiming for ...Rc2.} 29. Ng4 Qc2 30. Qxc2 Rxc2) 29. Qg5 $11 Ng6 30. Nf3 (30. Nxg7 $1 $11 Kxg7 31. Nf3) 30... Qd3 (30... Qxb2 $17 31. Nxg7 Nxg7) 31. Kg2 $1 Nxd4 32. Nxd4 Qxd4 {[#]} 33. Nxg7 $1 {[%mdl 512]} Kxg7 (33... Qb4 $5 {[%cal Rb4e1]} 34. Re3 Kxg7 $11) 34. h5 Qd3 $1 35. Qf6+ $40 {[%mdl 128] White has some attack.} Kf8 $2 {[%mdl 8192]} (35... Kg8 $11 36. h6 {[#]} Nf4+ $1 {[%mdl 512]} 37. Qxf4 Qg6) 36. hxg6 $18 {White is clearly winning.} Qxg6 {[%mdl 4096] Endgame KQR-KQR} 37. Qh8+ Qg8 38. Rh1 Ke7 39. Qh4+ Kd7 40. Qa4+ Rc6 (40... b5 $142 41. Qxa7+ Rc7) 41. Qxa7+ Rc7 42. Qxb6 {Qd6+ would kill now.} Rc6 (42... Qf8 $142 43. b4 Rc6 44. Qa7+ Rc7 45. Qa4+ Rc6) 43. Qb7+ Rc7 44. Qb5+ Rc6 45. Ra1 Qc8 46. Ra7+ Ke8 47. Qa4 {Precision: White = 56%, Black = 55%.} 1-0

[Event "XIX Sants Open 2017"]
[Site "Cotxeres de Sants"]
[Date "2017.08.19"]
[Round "2"]
[White "Domingo Nunez, Alejandro"]
[Black "Jumabayev, Rinat"]
[Result "0-1"]
[WhiteElo "2287"]
[BlackElo "2610"]
[Annotator "TA"]
[PlyCount "80"]
[EventDate "2017.??.??"]
[EventType "swiss"]
[EventCountry "ESP"]
[SourceTitle "playchess.com"]
[Source "ChessBase"]
[SourceQuality "1"]

{[%evp 18,80,45,38,58,71,76,80,92,21,19,14,30,0,0,0,12,14,36,48,52,45,63,63,62,57,50,23,24,6,10,21,49,37,58,24,39,38,53,31,58,42,104,84,118,0,30,0,0,-23,-24,-154,-150,-528,-566,-554,-532,-673,-664,-2919,-678,-742,-738,-705,-591]} 1. e4 g6 2. d4 Bg7 3. Nf3 d6 4. Nc3 Nf6 5. Be2 c6 6. a4 O-O 7. O-O a5 8. Bf4 Na6 9. Qd2 {B08: Pirc Defence: Classical System} (9. h3 Nb4 10. Re1 Nd7 11. Bc4 e5 12. dxe5 dxe5 13. Bg5 Qe8 14. Nb1 Nb6 15. Bb3 Be6 16. Nbd2 c5 17. Be3 {½-½ (36) Raetsky,A (2423)-Krasenkow,M (2614) Wroclaw 2014}) 9... Nb4 10. Rad1 {LiveBook: 3 Games} Qc7 11. h3 {White is slightly better.} Nh5 $146 ({Predecessor:} 11... Re8 12. Bc4 e5 13. dxe5 dxe5 14. Ng5 exf4 15. Bxf7+ Kf8 16. Bxe8 Nxe8 17. Nxh7+ {1-0 (29) Marez,S (2343)-Villiere,C (1826) IECG email 2006}) 12. Be3 e5 13. Ne1 (13. Bc4 $16) 13... exd4 $11 14. Bxd4 Nf6 15. f4 d5 16. e5 Nd7 $1 17. Bg4 Re8 18. Qf2 Nf8 19. Bb6 Qb8 20. Ne2 $1 Bxg4 21. hxg4 Nd7 {[%cal Bf8d7,Bd7f6,Bf6e4][%mdl 32]} 22. Bd4 f6 {[%cal Rf6e5]} 23. exf6 Nxf6 24. Qf3 Qc7 25. c3 Na6 26. Nd3 Ne4 27. f5 Ng5 28. Qf2 Re4 29. Ndf4 Rf8 ({Better is} 29... Rae8 $1 $14) 30. Ng3 $16 Ree8 {[#]} 31. Qc2 (31. Qd2 $1 $16) 31... Bxd4+ $11 32. Rxd4 Re3 $36 {[%mdl 2048] White is under pressure.} 33. Nge2 (33. Qf2 $5 {[%cal Rf2e3]} Rfe8 34. c4 $15) 33... gxf5 34. Nh5 (34. c4 $1 $11) 34... Qe5 $17 35. Nhg3 $2 {[#]} (35. Nef4 $17) 35... Rxg3 $19 {Black is clearly winning.} 36. Nxg3 Qxg3 37. gxf5 Nc5 38. Kh1 Nce4 (38... Rf6 $142 39. Rf2 Rh6+ 40. Kg1 Nge4) 39. Rd3 Qh4+ 40. Kg1 Ng3 {Precision: White = 45%, Black = 49%.} 0-1

[Event "XIX Sants Open 2017"]
[Site "Cotxeres de Sants"]
[Date "2017.08.19"]
[Round "2"]
[White "Mendonca, Leon Luke"]
[Black "Agdestein, Simen"]
[Result "1/2-1/2"]
[WhiteElo "2286"]
[BlackElo "2604"]
[Annotator "TA"]
[PlyCount "141"]
[EventDate "2017.??.??"]
[EventType "swiss"]
[EventCountry "ESP"]
[SourceTitle "playchess.com"]
[Source "ChessBase"]
[SourceQuality "1"]

{[%evp 12,141,-9,-4,35,24,28,10,66,25,42,29,42,-1,38,0,42,42,41,11,19,19,14,0,8,0,34,33,34,26,33,31,35,27,41,33,34,37,49,23,20,0,0,0,0,0,0,0,0,0,5,0,6,6,6,6,15,15,25,0,19,12,12,10,13,0,17,0,0,0,0,0,0,0,0,0,0,0,0,0,0,0,13,0,0,0,0,0,0,-25,-17,-17,-17,-17,-17,-17,-17,-17,-17,-17,0,0,0,0,183,113,173,0,0,0,0,-10,-10,-10,-10,-10,-10,-10,-10,-17,-17,-17,-17,-17,-17,-17,-17,-17,0,0,0,0]} 1. d4 e6 2. c4 Nf6 3. Nc3 Bb4 4. e3 O-O 5. Nge2 Re8 6. a3 Bf8 7. d5 {LiveBook: 188 Games} h5 $146 {E46: Nimzo-Indian: Rubinstein: 4 e3 0-0 5 Ne2 without early Bd3} ({Predecessor:} 7... a5 8. Ng3 Na6 9. Bd3 Nc5 10. Bc2 exd5 11. cxd5 b5 12. O-O Bb7 13. Qd4 b4 14. axb4 axb4 15. Rxa8 Qxa8 16. Qxb4 Nxd5 {1-0 (57) Ipatov,A (2613)-Eljanov,P (2723) Dubai 2014}) 8. g3 exd5 9. cxd5 c5 (9... h4 $11) 10. Bg2 d6 11. O-O h4 12. e4 hxg3 (12... h3 $5 {[%cal Rh3g2]} 13. Bf3 Nbd7 $14) 13. hxg3 Na6 14. Rb1 Bd7 15. b4 cxb4 16. axb4 Ng4 17. f3 Qb6+ 18. Qd4 Qxd4+ 19. Nxd4 Ne5 20. Ncb5 Rec8 21. Rd1 Rc4 22. Bd2 Nc7 23. Nxc7 Rxc7 24. Bf1 Nc4 25. Rdc1 Rac8 26. Bxc4 Rxc4 27. Rxc4 (27. Nb3 {looks sharper.} f5 28. Na5 Rc2 29. Bf4 fxe4 30. fxe4 b6 31. Nc6) 27... Rxc4 28. Nb3 Rc2 29. Bf4 Rc3 30. Kf2 Be7 31. Nd4 Rc4 32. Nf5 Bxf5 33. exf5 $11 {[%mdl 4096] Endgame KRB-KRB} a6 34. Ke3 Rc3+ 35. Kf2 Bf6 36. Rd1 Be7 37. Re1 Kf8 38. Rh1 {[%cal Rh1h8] [#]} Ke8 39. Rc1 Rb3 40. Rc4 Kd7 41. Ke2 Bf6 42. Bd2 Ra3 43. g4 Bd8 44. g5 Ra2 45. Kd3 a5 46. bxa5 Bxa5 47. Bxa5 (47. Bc1 {seems wilder.} Rf2 48. Ra4 Bb6 49. Rb4 Rxf3+ 50. Ke4) 47... Rxa5 {KR-KR} 48. Ke4 Rc5 49. Rd4 b5 50. f6 gxf6 51. gxf6 Kc7 52. Ke3 Rc3+ 53. Ke2 Rc4 54. Rg4 $1 {[%cal Rg4g7]} Kb6 55. Kd3 Rc7 (55... Rc5 $5 {[%cal Rc5d5]} 56. Rg7 Rc7 $15) 56. Re4 Rc5 (56... Kc5 $5 {[%cal Rc5d5]}) 57. Re7 Rxd5+ $2 (57... Rc7 $1 $11 {and Black has nothing to worry.}) 58. Ke4 $18 Re5+ 59. Kd4 $2 (59. Kf4 $18) 59... b4 $11 {The position is equal.} 60. Rxf7 b3 61. Kc3 Re3+ 62. Kb2 {White wants to play f4.} Rxf3 63. Rf8 Kc5 64. f7 Kd5 65. Rc8 Rxf7 {And now ...Rf3 would win.} 66. Kxb3 Kd4 67. Rc4+ $1 Kd3 {[#] Strongly threatening ...Rb7+.} 68. Rc3+ $1 Kd2 {...Rb7+ is the strong threat.} 69. Rc2+ Kd1 {( -> ...Rb7+)} (69... Ke3 $5 {[%cal Rf7b7]} 70. Rc3+ Ke2 71. Rc2+ Kd3 72. Rc3+ Kd2 73. Rc2+ Kd3 74. Rc3+ $15) 70. Rc6 d5 {aiming for ...Rf3+.} 71. Rd6 {Precision: White = 71%, Black = 65%.} 1/2-1/2

[Event "XIX Sants Open 2017"]
[Site "Cotxeres de Sants"]
[Date "2017.08.19"]
[Round "2"]
[White "Calavalle, Giulio"]
[Black "Heimann, Andreas"]
[Result "0-1"]
[WhiteElo "2285"]
[BlackElo "2591"]
[Annotator "TA"]
[PlyCount "70"]
[EventDate "2017.??.??"]
[EventType "swiss"]
[EventCountry "ESP"]
[SourceTitle "playchess.com"]
[Source "ChessBase"]
[SourceQuality "1"]

{[%evp 9,70,11,7,-52,-51,-54,-48,-138,-115,-122,-91,-164,-121,-162,-157,-127,-129,-340,-319,-362,-362,-372,-368,-366,-367,-351,-332,-330,-164,-168,-165,-212,-184,-191,-207,-231,-242,-241,-218,-298,-291,-344,-353,-616,-596,-615,-604,-585,-578,-703,-677,-744,-736,-721,-688,-924,-908,-1160,-1027,-973,-930,-905,-892]} 1. d4 Nf6 2. c4 e6 3. Nf3 b6 4. g3 Ba6 5. Qc2 c5 {LiveBook: 411 Games} 6. b3 {E15: Queen's Indian: 4 g3 sidelines, 4 g3 Ba6 and 4 g3 Bb7 early deviations} (6. Bg2 $11) (6. d5 exd5 7. cxd5 d6 8. Nc3 b5 9. e4 Qa5 10. b4 cxb4 11. Nxb5 Kd8 12. Nfd4 Bxb5 13. Bxb5 b3+ {1-0 (28) Grischuk,A (2752)-Mamedyarov,S (2762) Germany 2016}) 6... cxd4 $15 7. Nxd4 Bb7 8. f3 (8. Nf3 $1 $15) 8... Bc5 $146 ({Predecessor:} 8... d5 9. Nd2 Bc5 10. Bb2 Nbd7 11. O-O-O Rc8 12. e4 dxc4 13. Nxc4 O-O {0-1 (37) Zivkovic,V (2130)-Alexandria,N (2355) Jajce 1983}) 9. Bb2 O-O 10. Nd2 (10. a3 $17) 10... d5 11. O-O-O Na6 12. Kb1 Qe7 $36 {[%mdl 2048] Black is really pushing.} 13. e4 $2 {[#]} (13. e3 $17) 13... Nb4 $19 14. Qc3 dxe4 15. Bg2 {[%cal Rd2e4]} exf3 16. Bxf3 Rad8 17. a3 Bxd4 18. Qxb4 Qxb4 (18... Qc7 $142 {aiming for ...Bxb2.} 19. Bxd4 Rxd4) 19. axb4 Bxb2 20. Kxb2 {[#]} Rxd2+ $1 {[%mdl 512]} 21. Rxd2 Bxf3 22. Ra1 e5 23. Rxa7 Re8 24. b5 e4 25. Rd6 e3 26. Rxb6 $2 (26. Ra1) 26... e2 {Black is clearly winning.} 27. Ra1 {Now Re1 and White clings on.} e1=Q 28. Rxe1 Rxe1 29. c5 Kf8 30. Rd6 Ke7 31. Rd3 Bd5 32. b4 Bc4 33. Rd6 Re2+ 34. Kc1 Bxb5 35. Rb6 Bd7 {Precision: White = 32%, Black = 72%.} 0-1

[Event "XIX Sants Open 2017"]
[Site "Cotxeres de Sants"]
[Date "2017.08.19"]
[Round "2"]
[White "Domingo Nunez, Ruben"]
[Black "Delchev, Aleksander"]
[Result "1-0"]
[WhiteElo "2283"]
[BlackElo "2577"]
[Annotator "TA"]
[PlyCount "97"]
[EventDate "2017.??.??"]
[EventType "swiss"]
[EventCountry "ESP"]
[SourceTitle "playchess.com"]
[Source "ChessBase"]
[SourceQuality "1"]

{[%evp 19,97,23,34,23,31,21,29,7,16,21,73,54,37,38,39,0,12,0,0,0,-27,-106,0,-14,0,0,0,0,0,0,60,59,108,89,98,103,75,40,39,35,58,41,41,56,50,38,71,0,9,0,0,0,0,0,0,-213,-171,-218,534,529,727,0,933,930,923,925,890,888,731,725,699,683,5594,2005,29987,0,29988,29989,29988,29989]} 1. e4 c6 2. Nc3 d5 3. Nf3 Nf6 4. e5 Ne4 5. Ne2 Qb6 6. d4 {B11: Caro-Kann: Two Knights Variation} e6 7. Nfg1 (7. Ng3 c5 8. Bd3 Nc6 9. Nxe4 dxe4 10. Bxe4 cxd4 11. O-O Bd7 12. a3 h6 13. Re1 {1-0 (71) Short,N (2675)-Caruana,F (2827) Caleta 2017}) 7... f6 8. f3 Ng5 9. exf6 gxf6 10. f4 Nf7 {LiveBook: 36 Games} 11. Nf3 e5 12. fxe5 fxe5 13. Ng3 {[%cal Be2g3,Bg3h5,Bh5f4][%mdl 32]} Be6 $146 14. Be2 Be7 (14... Nd7 $11 {remains equal.}) 15. O-O Nd7 16. Kh1 e4 17. Nh5 O-O-O 18. Ng1 Rdf8 19. Nf4 Nd8 $1 {[#]} 20. Be3 (20. c4 $1 $11 {[%mdl 512]}) 20... Bf7 (20... Qxb2 $17 21. c4 dxc4 22. Nxe6 Nxe6 23. Rxf8+ Rxf8 24. Bxc4 Nc7) 21. b3 Nf6 22. Ngh3 Rhg8 23. Nf2 Qc7 24. c4 dxc4 (24... Kb8 $11) 25. bxc4 $14 c5 {[%cal Bc6c5,Bc5c4,Bc4c3][%mdl 32]} 26. Ng4 Nxg4 27. Bxg4+ Kb8 28. Nd5 Bxd5 $1 29. Rxf8 Rxf8 30. cxd5 {Hoping for dxc5.} c4 31. Qc2 Bd6 32. Rc1 b5 33. Qb1 (33. g3 $16) 33... b4 34. Be2 c3 35. a3 $36 {[%mdl 2048] White has good play.} a5 36. axb4 axb4 37. Qb3 $2 (37. Rc2 $11 {and White is okay.}) 37... Nb7 $19 38. Ra1 Qe7 $4 {[%mdl 8192]} (38... c2 $1 $19 39. g3 Rc8) 39. Ra6 $18 {Qa4 is the strong threat.} Qh4 {[%csl Gd6][%cal Rh4h2] [#]} 40. Rxd6 $2 ({White has to play} 40. g3 $1 $18 {[%mdl 512] White threatens Qa4 and mate.} Bxg3 41. Rh6 Qxh6 42. Bxh6) 40... Nxd6 $4 {[%mdl 8192]} (40... Qe1+ $11 41. Bg1 Qxe2) 41. Qxb4+ Kc7 42. Qc5+ Kd7 43. Qc6+ Ke7 44. Qc7+ Ke8 45. Qxd6 Qe1+ 46. Bg1 {Qe6+ would kill now.} Qxe2 47. Qe6+ Kd8 {[#]} 48. d6 $1 Re8 49. Qf7 {Precision: White = 69%, Black = 43%.} 1-0